000 00321nam a22001457a 4500
020 _a978-0-07-070242-4
041 _aENG
100 _aChow.V.T
245 _aApplied Hydrology
260 _aNew Delhi
_bTata McGraw Hill Ed
_c2013
300 _a572
650 _aSWCE
700 _aMaidmet.D.R
856 _uSWCE ( 06 )
999 _c1883
_d1883